Normal view
MARC view
Entry Personal Name
001 - CONTROL NUMBER
- control field: 13855
003 - CONTROL NUMBER IDENTIFIER
- control field: ARRUPE
005 - DATE AND TIME OF LATEST TRANSACTION
- control field: 20150113152116.0
008 - FIXED-LENGTH DATA ELEMENTS
- fixed length control field: 150113|| aca||aabn | a|a d
040 ## - CATALOGING SOURCE
- Original cataloging agency: ARRUPE
- Transcribing agency: ARRUPE
100 ## - HEADING--PERSONAL NAME
- Personal name: Bate, Maclear H.
670 ## - SOURCE DATA FOUND
- Source citation: Work cat.: (ARRUPE)121631: Van Bilsen, A.A.J 13852, Nationalism in Africa: 1 , [19-]